[Event "69. BEM 2015"]
[Site "Dortmund"]
[Date "2015.03.02"]
[Round "1.1"]
[White "Raskin, Vitali"]
[Black "Henrichs, Thomas"]
[Result "0-1"]
[WhiteElo "1610"]
[BlackElo "2448"]
[PlyCount "56"]
[EventDate "2015.??.??"]
[WhiteTeam "FS 1898 Dortmund"]
[BlackTeam "SC Hansa Dortmund"]

1. d4 d6 2. e4 Nf6 3. Nc3 g6 4. g3 Bg7 5. Bg2 O-O 6. Nf3 c5 7. d5 b5 8. e5 Ng4
9. exd6 exd6 10. O-O b4 11. Ne4 Re8 12. Re1 Bf5 13. Nfg5 h6 14. h3 Ne5 15. g4
Bc8 16. Nf3 Nbd7 17. Nxd6 Nxf3+ 18. Bxf3 Rxe1+ 19. Qxe1 Ne5 20. Bg2 Qxd6 21.
Qe2 Ba6 22. Qd1 Nc4 23. Rb1 Re8 24. a3 Bd4 25. axb4 Qg3 26. Bd2 Qxf2+ 27. Kh1
Nxd2 28. Ra1 Bf1 0-1

[Event "69. BEM 2015"]
[Site "Dortmund"]
[Date "2015.03.02"]
[Round "1.2"]
[White "Brockmann, Michael"]
[Black "Völler, Lothar"]
[Result "1-0"]
[WhiteElo "2026"]
[BlackElo "1597"]
[PlyCount "109"]
[EventDate "2015.??.??"]
[WhiteTeam "SV Eichlinghofen"]
[BlackTeam "FS 1898 Dortmund"]

1. d4 f5 2. c4 Nf6 3. g3 e6 4. Bg2 Be7 5. b3 O-O 6. Nh3 d6 7. Bb2 Qe8 8. O-O a5
9. Nc3 Na6 10. Qd2 c6 11. Na4 Bd8 12. Ba3 Bc7 13. c5 d5 14. Nb6 Bxb6 15. cxb6
Nb4 16. Bxb4 axb4 17. Qxb4 Ne4 18. f3 Nf6 19. f4 Qd8 20. a4 Ng4 21. a5 h6 22.
Qd2 Qd6 23. Rfc1 Kh7 24. Bf3 Nf6 25. b4 Rg8 26. Kh1 Bd7 27. Nf2 g5 28. Nd3 gxf4
29. Qxf4 Qxf4 30. gxf4 Be8 31. Rg1 Nd7 32. Rgf1 Bg6 33. e3 Ra6 34. Be2 Raa8 35.
Nc5 Nxc5 36. bxc5 Rgb8 37. a6 bxa6 38. Ra5 Be8 39. Rfa1 Bd7 40. Rxa6 Rxa6 41.
Rxa6 Bc8 42. Ra7+ Kg6 43. Kg2 Bb7 44. Kg3 Kf6 45. Bh5 Rg8+ 46. Kf2 Rg7 47. Be2
Re7 48. Ba6 Bxa6 49. Rxa6 Rb7 50. Ra7 Rb8 51. Rc7 Ra8 52. Rxc6 Ra2+ 53. Kf3
Rxh2 54. b7 Rb2 55. Rb6 1-0

[Event "69. BEM 2015"]
[Site "Dortmund"]
[Date "2015.03.02"]
[Round "1.3"]
[White "Vogt, Christian"]
[Black "Ries, Benjamin"]
[Result "0-1"]
[WhiteElo "1524"]
[BlackElo "2005"]
[PlyCount "72"]
[EventDate "2015.??.??"]
[WhiteTeam "SC Hansa Dortmund"]
[BlackTeam "SF Brackel"]

1. d4 d5 2. c4 c6 3. cxd5 cxd5 4. Nc3 Nf6 5. Nf3 Nc6 6. Bf4 Bf5 7. e3 Qb6 8.
Bb5 a6 9. Qa4 Rc8 10. Bxc6+ Rxc6 11. Qb3 Qxb3 12. axb3 e6 13. Rc1 Be7 14. O-O
O-O 15. Nh4 Bg4 16. h3 Bh5 17. g4 Nd7 18. Nf3 Bg6 19. Ne5 Nxe5 20. Bxe5 Rfc8
21. Na2 Bc2 22. b4 f6 23. Bg3 Bd3 24. Rxc6 Rxc6 25. Rc1 Bc4 26. Nc3 Bxb4 27. e4
Kf7 28. exd5 Bxd5 29. Ne2 Rxc1+ 30. Nxc1 Bc4 31. b3 Bd5 32. Bf4 Bc3 33. Kf1
Bxd4 34. Ke2 g5 35. Be3 Bxe3 36. fxe3 Bg2 0-1

[Event "69. BEM 2015"]
[Site "Dortmund"]
[Date "2015.03.02"]
[Round "1.4"]
[White "Zelt, Jens"]
[Black "Simon, Stefan"]
[Result "1-0"]
[WhiteElo "2004"]
[BlackElo "1484"]
[PlyCount "49"]
[EventDate "2015.??.??"]
[WhiteTeam "SC Hansa Dortmund"]
[BlackTeam "SVg Marten-Bövinghsn."]

1. d4 d5 2. Nf3 Nf6 3. Bf4 Nbd7 4. e3 e6 5. Nbd2 h6 6. Bd3 Bd6 7. Bg3 Qe7 8.
Ne5 Bxe5 9. dxe5 Ng8 10. c3 Nc5 11. Bc2 Bd7 12. b4 Na6 13. a4 c6 14. O-O O-O-O
15. Qe2 Rf8 16. Bd3 Nc7 17. Rfb1 b6 18. c4 f5 19. exf6 Nxf6 20. a5 e5 21. axb6
axb6 22. Ra7 Kb8 23. Rba1 Qxb4 24. Bxe5 Nfe8 25. Ra8+ 1-0

[Event "69. BEM 2015"]
[Site "Dortmund"]
[Date "2015.03.02"]
[Round "1.5"]
[White "Gegner, Michael"]
[Black "Kropp, Andreas"]
[Result "0-1"]
[WhiteElo "1478"]
[BlackElo "1989"]
[PlyCount "90"]
[EventDate "2015.??.??"]
[WhiteTeam "Dortmunder SV"]
[BlackTeam "SV Eichlinghofen"]

1. d4 Nf6 2. Nc3 d5 3. e4 Nxe4 4. Nxe4 dxe4 5. Bc4 Nc6 6. c3 Bf5 7. Qb3 Qc8 8.
Bxf7+ Kd8 9. Ne2 e6 10. Ng3 Qd7 11. Bh5 Na5 12. Qd1 Bd6 13. Nxf5 exf5 14. Bg5+
Kc8 15. b4 Nc6 16. Qb3 Rf8 17. h3 Kb8 18. Bd2 Nd8 19. O-O-O a5 20. b5 a4 21.
Qc4 Ra5 22. Be2 Nf7 23. Kb1 Rc8 24. d5 Re8 25. Be3 Qe7 26. Qd4 b6 27. Qd2 Be5
28. Qc1 Nd6 29. c4 Qf6 30. Bd2 Ra8 31. Qc2 Nb7 32. Bb4 Bd4 33. Rhf1 Kc8 34. Rd2
g6 35. Rdd1 h5 36. Qd2 Bxf2 37. d6 cxd6 38. Qd5 Bc5 39. Qc6+ Kb8 40. Bxc5 Rc8
41. Qxb6 Rxc5 42. Rd5 Rxd5 43. cxd5 a3 44. Kc1 Qc3+ 45. Kd1 e3 0-1

[Event "69. BEM 2015"]
[Site "Dortmund"]
[Date "2015.03.02"]
[Round "1.6"]
[White "Grube, Jörg"]
[Black "Zabel, Reinhard"]
[Result "1-0"]
[WhiteElo "1902"]
[BlackElo "1461"]
[PlyCount "81"]
[EventDate "2015.??.??"]
[WhiteTeam "FS 1898 Dortmund"]
[BlackTeam "Doppelbauer Brambauer"]

1. d4 d5 2. c4 e6 3. Nc3 Nf6 4. cxd5 exd5 5. Bg5 Be7 6. Qc2 Be6 7. e3 h6 8. Bf4
c6 9. h3 Bd6 10. Bxd6 Qxd6 11. Bd3 Nbd7 12. Nge2 a6 13. O-O Rc8 14. b4 b5 15.
Qb2 Nb6 16. Rad1 O-O 17. Ng3 Nc4 18. Qb3 a5 19. a3 Ra8 20. e4 dxe4 21. Ncxe4
Nxe4 22. Nxe4 Qxd4 23. Bb1 Qb2 24. Qd3 f5 25. Nc5 Bd5 26. bxa5 Qxa3 27. Qxa3
Nxa3 28. Nd7 Rf7 29. Nb6 Rxa5 30. Nxd5 Nxb1 31. Nb4 c5 32. Nc6 Ra6 33. Ne5 Re7
34. Rd8+ Kh7 35. Nd3 c4 36. Nb4 Ra1 37. Rdd1 Rc7 38. Rxb1 Rxb1 39. Rxb1 c3 40.
Nc2 Rb7 41. Rb3 1-0

[Event "69. BEM 2015"]
[Site "Dortmund"]
[Date "2015.03.02"]
[Round "1.7"]
[White "Howorka, Roland"]
[Black "Begna, Bozidar"]
[Result "0-1"]
[WhiteElo "1443"]
[BlackElo "1898"]
[PlyCount "78"]
[EventDate "2015.??.??"]
[WhiteTeam "FS 1898 Dortmund"]
[BlackTeam "SC Hansa Dortmund"]

1. d4 d6 2. c4 e5 3. dxe5 dxe5 4. Qxd8+ Kxd8 5. Nc3 Be6 6. e3 Nd7 7. Bd2 c6 8.
Nf3 Be7 9. e4 f6 10. O-O-O Kc7 11. Be3 g5 12. Be2 Nh6 13. h3 Nf7 14. g4 Nc5 15.
Nd2 b6 16. f3 Rad8 17. Nb3 Nb7 18. h4 Rxd1+ 19. Nxd1 h6 20. h5 a5 21. a4 b5 22.
axb5 cxb5 23. Nd2 b4 24. b3 Bc5 25. Kc2 Nfd8 26. Nf1 Nc6 27. Ng3 Rd8 28. Bxc5
Nxc5 29. Ne3 Nd4+ 30. Kb1 Nxe2 31. Nxe2 Nxb3 32. Nd5+ Bxd5 33. cxd5 Kd6 34. Kb2
a4 35. Ng3 Nd4 36. Rc1 Kd7 37. Rc5 a3+ 38. Ka2 Ra8 39. Nf5 b3+ 0-1

[Event "69. BEM 2015"]
[Site "Dortmund"]
[Date "2015.03.02"]
[Round "1.8"]
[White "Zachos, Ingo"]
[Black "Benke, Werner"]
[Result "1-0"]
[WhiteElo "1894"]
[BlackElo "1427"]
[PlyCount "81"]
[EventDate "2015.??.??"]
[WhiteTeam "SV Eichlinghofen"]
[BlackTeam "SC Hansa Dortmund"]

1. Nf3 Nf6 2. c4 e6 3. g3 b6 4. Bg2 Bb7 5. O-O Be7 6. b3 O-O 7. Bb2 d6 8. d4
Nbd7 9. Nc3 Ne4 10. Qc2 Nxc3 11. Bxc3 Nf6 12. Rad1 Qd7 13. Ne5 Qc8 14. Nc6 Re8
15. Nxe7+ Rxe7 16. e4 h6 17. d5 e5 18. Qe2 Qg4 19. f3 Qd7 20. f4 Nh7 21. fxe5
dxe5 22. Qh5 f6 23. Bh3 Qe8 24. Bg4 Qxh5 25. Bxh5 Ng5 26. Bg6 Nf7 27. Bb4 Rd7
28. c5 bxc5 29. Bxc5 Nd6 30. Rc1 Ba6 31. Rfe1 Bc8 32. Rc2 Ba6 33. Kf2 Bb7 34.
Rec1 Kf8 35. Bb4 a5 36. Ba3 Ke7 37. Rxc7 Rad8 38. Bf5 Rxc7 39. Rxc7+ Ke8 40.
Bg6+ Kf8 41. Rxb7 1-0

[Event "69. BEM 2015"]
[Site "Dortmund"]
[Date "2015.03.02"]
[Round "1.9"]
[White "Kesselmeier, Klaus"]
[Black "Brendemühl, Bernd"]
[Result "0-1"]
[WhiteElo "1404"]
[BlackElo "1894"]
[PlyCount "62"]
[EventDate "2015.??.??"]
[WhiteTeam "SF Brackel"]
[BlackTeam "FS 1898 Dortmund"]

1. e4 c5 2. Nf3 d6 3. Be2 Nc6 4. O-O Nf6 5. d3 g6 6. c3 Bg7 7. Be3 O-O 8. Nbd2
b6 9. Rb1 Bb7 10. h3 Qc7 11. a3 d5 12. exd5 Nxd5 13. Ne1 Bxc3 14. bxc3 Nxc3 15.
Qc2 Nxe2+ 16. Kh1 Ncd4 17. Bxd4 Nxd4 18. Qb2 Qd7 19. f3 Nf5 20. Rf2 Rad8 21.
Kg1 Qd4 22. Qxd4 Rxd4 23. Ne4 Rfd8 24. Rd2 Nd6 25. Rbd1 Nxe4 26. fxe4 Bxe4 27.
Kf2 c4 28. Ke3 Bxd3 29. Nxd3 Rxd3+ 30. Rxd3 Rxd3+ 31. Rxd3 cxd3 0-1

[Event "69. BEM 2015"]
[Site "Dortmund"]
[Date "2015.03.02"]
[Round "1.10"]
[White "Hillebrand, Carsten"]
[Black "Pachura, Karl-Heinz"]
[Result "1-0"]
[WhiteElo "1853"]
[BlackElo "1353"]
[PlyCount "97"]
[EventDate "2015.??.??"]
[WhiteTeam "FS 1898 Dortmund"]
[BlackTeam "SF Brackel"]

1. c4 Nf6 2. g3 g6 3. Bg2 Bg7 4. Nf3 d6 5. Nc3 c6 6. d4 e6 7. Bf4 h6 8. h4 Nh5
9. Bd2 f5 10. Qc2 e5 11. dxe5 dxe5 12. O-O-O Qe7 13. e3 Na6 14. Ne2 Nc7 15. Nh2
a5 16. g4 Nf6 17. Ng3 fxg4 18. Qxg6+ Qf7 19. Qxf7+ Kxf7 20. Bc3 Re8 21. f3 h5
22. Rdf1 Kg8 23. fxg4 hxg4 24. Rhg1 a4 25. Ne4 Nxe4 26. Bxe4 Na6 27. Nxg4 Bxg4
28. Rxg4 Nc5 29. Bc2 Kh8 30. Rg5 Re6 31. Rh5+ Rh6 32. Rxh6+ Bxh6 33. Bxe5+ Kg8
34. Bf4 Rf8 35. Rg1+ Bg7 36. Bd6 Ne6 37. Bxf8 Nxf8 38. Bxa4 Kh8 39. Bc2 Ne6 40.
Bf5 Nc5 41. Kc2 Na4 42. b3 Nc5 43. Rg6 Kg8 44. h5 Kf7 45. b4 Na6 46. a3 Nc7 47.
Rd6 Ne8 48. Rd7+ Kf6 49. Bg6 1-0

[Event "69. BEM 2015"]
[Site "Dortmund"]
[Date "2015.03.02"]
[Round "1.11"]
[White "Grawe, Herbert"]
[Black "Fork, Raphael"]
[Result "0-1"]
[WhiteElo "1339"]
[BlackElo "1844"]
[PlyCount "30"]
[EventDate "2015.??.??"]
[WhiteTeam "Dortmunder SV"]
[BlackTeam "Matt Inn"]

1. d4 Nf6 2. Nc3 d5 3. e4 Nxe4 4. Nxe4 dxe4 5. h3 g6 6. Bg5 Bg7 7. c3 O-O 8.
Qc2 Nc6 9. O-O-O Qd5 10. Be3 Qxa2 11. g4 Be6 12. c4 Na5 13. Qxe4 Nxc4 14. Bxc4
Qxc4+ 15. Kb1 Bd5 0-1

[Event "69. BEM 2015"]
[Site "Dortmund"]
[Date "2015.03.02"]
[Round "1.13"]
[White "Haufe, Ulrich"]
[Black "Blokisch, Till"]
[Result "0-1"]
[WhiteElo "1292"]
[BlackElo "1806"]
[PlyCount "52"]
[EventDate "2015.??.??"]
[WhiteTeam "SU Huck.-Westerfilde"]
[BlackTeam "SF Brackel"]

1. e4 e5 2. Nf3 Nc6 3. Bc4 Nf6 4. Nc3 Nxe4 5. Nxe4 d5 6. Bxd5 Qxd5 7. Nc3 Qd8
8. d3 Bc5 9. O-O Bg4 10. Na4 Be7 11. Re1 O-O 12. Be3 f5 13. Bc5 Bxc5 14. Nxc5
Qd5 15. Nb3 Rae8 16. Re3 Bh5 17. Qe1 Bxf3 18. Rxf3 a5 19. c4 Qd6 20. Rd1 a4 21.
Nc1 Nd4 22. Rh3 e4 23. dxe4 Rxe4 24. Qc3 Ne2+ 25. Kf1 Qxd1+ 26. Qe1 Ng3+ 0-1

[Event "69. BEM 2015"]
[Site "Dortmund"]
[Date "2015.03.02"]
[Round "1.14"]
[White "Horenburg, Oliver"]
[Black "Kawka, Bogdan"]
[Result "1-0"]
[WhiteElo "1760"]
[BlackElo "1272"]
[PlyCount "111"]
[EventDate "2015.??.??"]
[WhiteTeam "SV Eichlinghofen"]
[BlackTeam "FS 1898 Dortmund"]

1. d4 d5 2. Nf3 Nf6 3. e3 e6 4. Bd3 c5 5. b3 Nc6 6. O-O Qc7 7. Bb2 Be7 8. Nbd2
O-O 9. Ne5 cxd4 10. exd4 Nb4 11. Ndf3 Nd7 12. Ba3 Nxe5 13. dxe5 Nxd3 14. Bxe7
Qxe7 15. Qxd3 a6 16. Nd4 Bd7 17. a4 Rac8 18. f4 Qb4 19. Rf3 f6 20. Rh3 g6 21.
c3 Qe7 22. Re1 f5 23. Kh1 Rc7 24. Qd2 Rfc8 25. Rc1 b5 26. axb5 axb5 27. b4 Qxb4
28. Rg3 Qc4 29. h4 b4 30. h5 Kg7 31. hxg6 hxg6 32. Qd1 b3 33. Qh5 Be8 34. Nxe6+
Kg8 35. Nxc7 Rxc7 36. Qf3 b2 37. Rb1 Qa2 38. Qd1 Ba4 {(=)} 39. Rxg6+ Kf8 40.
Ra6 Rxc3 41. Ra8+ Ke7 42. Rxb2 Qxb2 43. Qxa4 Qc1+ 44. Kh2 Rc6 45. Ra7+ Ke6 46.
Rh7 Qc4 47. Rh6+ Kd7 48. Qa7+ Rc7 49. Rh7+ Ke6 50. Rh6+ Ke7 51. Qxc7+ Qxc7 52.
Rh7+ Kd8 53. Rxc7 Kxc7 54. Kg1 Kd7 55. Kf2 Ke6 56. Ke3 1-0

[Event "69. BEM 2015"]
[Site "Dortmund"]
[Date "2015.03.02"]
[Round "1.15"]
[White "Schleuß, Jürgen"]
[Black "Simon, Thomas"]
[Result "1-0"]
[WhiteElo "1253"]
[BlackElo "1757"]
[PlyCount "87"]
[EventDate "2015.??.??"]
[WhiteTeam "Dortmunder SV"]
[BlackTeam "SF Brackel"]

1. e4 c5 2. Nf3 Nc6 3. c3 Nf6 4. d3 d6 5. d4 Nxe4 6. d5 Nb8 7. Qa4+ Bd7 8. Qxe4
g6 9. Bd3 Bg7 10. Nbd2 O-O 11. O-O b5 12. Qe2 a6 13. Re1 e5 14. dxe6 Bxe6 15.
Ne4 Nc6 16. Bf4 c4 17. Bc2 d5 18. Rad1 Bg4 19. h3 Bxf3 20. Qxf3 dxe4 21. Bxe4
Ne5 22. Bxe5 Bxe5 23. Rxd8 Raxd8 24. Rd1 Kg7 25. Rxd8 Rxd8 26. Qe2 Bf6 27. f4
h5 28. g3 Rd6 29. h4 Re6 30. Qf3 Bd8 31. f5 Rd6 32. Bd5 Bb6+ 33. Kg2 Rf6 34.
Be4 Bd8 35. Qd1 Bb6 36. g4 hxg4 37. Qxg4 Be3 38. Qg3 Bc1 39. h5 g5 40. Qe5 Bf4
41. h6+ Kxh6 42. Qxf6+ Kh5 43. Qxf7+ Kh4 44. Qh7+ 1-0

[Event "69. BEM 2015"]
[Site "Dortmund"]
[Date "2015.03.02"]
[Round "1.16"]
[White "Schütz, Ralf"]
[Black "Schlettig, Achim"]
[Result "1-0"]
[WhiteElo "1739"]
[BlackElo "1206"]
[PlyCount "42"]
[EventDate "2015.??.??"]
[WhiteTeam "61515/FS 1898 Dortmund"]
[BlackTeam "FS 1898 Dortmund"]

1. e4 e5 2. Bc4 Nf6 3. Qe2 Nc6 4. Nf3 Bc5 5. d3 d6 6. c3 Na5 7. Bb5+ c6 8. Ba4
b5 9. Bc2 Qe7 10. b4 Bxf2+ 11. Qxf2 Nb7 12. a4 a6 13. Bg5 h6 14. Bxf6 gxf6 15.
Nh4 Rg8 16. Nd2 Be6 17. axb5 cxb5 18. O-O f5 19. exf5 Bd5 20. Ne4 Qc7 21. Nf6+
Ke7 1-0

[Event "69. BEM 2015"]
[Site "Dortmund"]
[Date "2015.03.02"]
[Round "1.17"]
[White "Pennekamp, Christ"]
[Black "Cogan, Leonid"]
[Result "0-1"]
[WhiteElo "1194"]
[BlackElo "1710"]
[PlyCount "64"]
[EventDate "2015.??.??"]
[WhiteTeam "SC Hansa Dortmund"]
[BlackTeam "SU Huck.-Westerfilde"]

1. d4 Nf6 2. c4 e6 3. Nc3 d5 4. Nf3 c6 5. Bf4 Nh5 6. Bd2 Nf6 7. Bg5 Be7 8. Qc2
Nbd7 9. e3 h6 10. Bh4 O-O 11. Be2 Bd6 12. Bg3 Bb4 13. O-O Nh5 14. a3 Nxg3 15.
hxg3 Bd6 16. e4 dxe4 17. Nxe4 Be7 18. Rfd1 Nf6 19. Nc3 Qc7 20. b4 b6 21. Rd2
Bb7 22. Ne5 Bd6 23. Nf3 a5 24. b5 c5 25. Rad1 cxd4 26. Nb1 e5 27. Nh4 Bc5 28.
Nf5 Ne4 29. Rd3 Ng5 30. a4 Be4 31. Qc1 Bxf5 32. Bf3 e4 0-1

[Event "69. BEM 2015"]
[Site "Dortmund"]
[Date "2015.03.02"]
[Round "1.18"]
[White "Ewers, Christian"]
[Black "Wangrin, Stefan A"]
[Result "1-0"]
[WhiteElo "1702"]
[BlackElo "1169"]
[PlyCount "115"]
[EventDate "2015.??.??"]
[WhiteTeam "SG Mengede"]
[BlackTeam "FS 1898 Dortmund"]

1. e4 c5 2. Nc3 e5 3. g3 Nc6 4. Bg2 d6 5. d3 Be7 6. h3 Be6 7. Nge2 h6 8. O-O
Nf6 9. f4 Nd4 10. f5 Nxe2+ 11. Qxe2 Bd7 12. g4 Bc6 13. h4 Qd7 14. Bf3 O-O-O 15.
Be3 d5 16. g5 hxg5 17. hxg5 Ne8 18. exd5 Bb5 19. Nxb5 Qxb5 20. c4 Qb6 21. b4
Qc7 22. Be4 b6 23. b5 Nd6 24. Kg2 f6 25. g6 Rdg8 26. Rh1 Qd8 27. a4 Rxh1 28.
Rxh1 Rh8 29. Rh7 Qg8 30. Qh5 Rxh7 31. Qxh7 Qf8 32. Bh6 Ne8 33. Be3 Bd6 34. Qh4
Nc7 35. a5 bxa5 36. Qe1 Kd7 37. Qxa5 Qb8 38. Qa4 Ke7 39. Qd1 Qh8 {(=)} 40. Qg1
Qh4 41. Kf3 Na8 42. Ke2 Nb6 43. Bxc5 Na4 44. Bxd6+ Kxd6 45. Kd2 Nc5 46. Qe3 Qf4
47. Qxf4 exf4 48. Kc3 Ke5 49. Bf3 Kxf5 50. d4 Na4+ 51. Kb4 Nb2 52. d6 Ke6 53.
c5 Nd3+ 54. Kc4 Ne1 55. d5+ Kd7 56. Bg4+ Kd8 57. c6 f3 58. c7+ 1-0

[Event "69. BEM 2015"]
[Site "Dortmund"]
[Date "2015.03.02"]
[Round "1.19"]
[White "Bensch, Christian"]
[Black "Rahner, Norbert"]
[Result "0-1"]
[WhiteElo "1160"]
[BlackElo "1681"]
[PlyCount "72"]
[EventDate "2015.??.??"]
[WhiteTeam "SC Wambel"]
[BlackTeam "SG Mengede"]

1. e4 c5 2. Nf3 e6 3. d4 cxd4 4. Nxd4 Nf6 5. Nc3 a6 6. a3 d6 7. Be3 Bd7 8. h3
Be7 9. Be2 Nc6 10. Qd2 Qc7 11. O-O-O O-O 12. f4 b5 13. Kb1 b4 14. Nxc6 Bxc6 15.
axb4 Nxe4 16. Nxe4 Bxe4 17. Rhg1 Rfc8 18. Rc1 Rcb8 19. Bf3 Qc6 20. Bd4 Rb5 21.
Bc3 f6 22. Rce1 d5 23. Qe2 Bxb4 24. Bxb4 Rxb4 25. Bxe4 Rxe4 26. Qd2 Qa4 27.
Rxe4 dxe4 28. f5 Qc6 29. g4 Rb8 30. Rd1 exf5 31. gxf5 Qb5 32. b3 Qxf5 33. Qd6
Rc8 34. Qxa6 h5 35. Qb7 e3 36. Rd7 Qxc2+ 0-1

[Event "69. BEM 2015"]
[Site "Dortmund"]
[Date "2015.03.02"]
[Round "1.20"]
[White "Ziemek, Gerhard"]
[Black "Böckmann, Lieselotte"]
[Result "1-0"]
[WhiteElo "1627"]
[BlackElo "1083"]
[PlyCount "71"]
[EventDate "2015.??.??"]
[WhiteTeam "SVg Marten-Bövinghsn."]
[BlackTeam "FS 1898 Dortmund"]

1. d4 e6 2. e4 d5 3. e5 c5 4. c3 a6 5. a4 Nc6 6. Be3 Be7 7. Bd3 h5 8. f4 c4 9.
Bc2 h4 10. Nh3 Nh6 11. O-O Nf5 12. Bd2 Qb6 13. b4 Ncxd4 14. a5 Qa7 15. Kh1 Nxc2
16. Qxc2 Bd7 17. Re1 d4 18. cxd4 Qxd4 19. Na3 Bc6 20. Rad1 Qd5 21. Bc3 Qxg2+
22. Qxg2 Bxg2+ 23. Kxg2 O-O 24. Nf2 Kh8 25. Kf3 g5 26. fxg5 Bxg5 27. Ne4 Bh6
28. Rd7 h3 29. Nxc4 Rac8 30. Ncd6 Rxc3+ 31. Nxc3 Bd2 32. Nxf7+ Kh7 33. Rxd2
Rxf7 34. Kg4 Nh6+ 35. Kg3 Rc7 36. Ne4 1-0

[Event "69. BEM 2015"]
[Site "Dortmund"]
[Date "2015.03.02"]
[Round "1.21"]
[White "Schmidt, Andreas"]
[Black "Potyrala, Lukasz-R"]
[Result "0-1"]
[WhiteElo "1026"]
[BlackElo "1625"]
[PlyCount "66"]
[EventDate "2015.??.??"]
[WhiteTeam "FS 1898 Dortmund"]
[BlackTeam "61603/FS 1898 Dortmund"]

1. e4 e6 2. d4 d5 3. e5 c5 4. Nf3 Nc6 5. Bb5 Qb6 6. Nc3 Bd7 7. Bxc6 Bxc6 8. Be3
Qxb2 9. Bd2 Qb6 10. Rb1 Qc7 11. O-O cxd4 12. Nxd4 Qxe5 13. Nf3 Qh5 14. Ne2 Bd6
15. Bf4 Bxf4 16. Nxf4 Qf5 17. Qd4 Nf6 18. Rfe1 O-O 19. Re5 Qxc2 20. Rb2 Qc4 21.
Qd2 Ne4 22. Qe3 Rad8 23. Nh5 Qc3 24. Re2 Qxe3 25. Rxe3 d4 26. Rd3 Nc3 27. Nxd4
Nb5 28. Rg3 Kh8 29. Rd3 Rxd4 30. Rxd4 Nxd4 31. Rg5 g6 32. Nf6 Kg7 33. Nh5+ Kh6
0-1

[Event "69. BEM 2015"]
[Site "Dortmund"]
[Date "2015.03.02"]
[Round "1.22"]
[White "Rauschenbusch, U."]
[Black "Sobottka, H.-Gerald"]
[Result "1-0"]
[WhiteElo "1618"]
[BlackElo "989"]
[PlyCount "59"]
[EventDate "2015.??.??"]
[WhiteTeam "FS 1898 Dortmund"]
[BlackTeam "Dortmunder SV"]

1. f4 d5 2. Nf3 Nf6 3. g3 e6 4. Bg2 Bd6 5. d3 Nfd7 6. e4 c6 7. e5 Bc7 8. c3 O-O
9. Be3 Bb6 10. d4 c5 11. O-O c4 12. Nbd2 a5 13. Qc2 Re8 14. Ng5 Nf8 15. g4 h6
16. Nh3 Qh4 17. Nf3 Qxg4 18. Kh1 Qg6 19. Qf2 Bd8 20. Rad1 a4 21. a3 Nc6 22. Rg1
f5 23. Bf1 Qf7 24. Nh4 Bxh4 25. Qxh4 Ng6 26. Qh5 Kh7 27. Ng5+ Kg8 28. Nxf7 Kxf7
29. Qxg6+ Kf8 30. Qxg7# 1-0

[Event "69. BEM 2015"]
[Site "Dortmund"]
[Date "2015.03.02"]
[Round "1.23"]
[White "Reker, Gerhard"]
[Black "Kartsev, Nikolaj"]
[Result "0-1"]
[WhiteElo "874"]
[BlackElo "1616"]
[PlyCount "102"]
[EventDate "2015.??.??"]
[WhiteTeam "FS 1898 Dortmund"]
[BlackTeam "SF Brackel"]

1. e4 c5 2. Nc3 d6 3. Nf3 e5 4. Nd5 Nf6 5. Bc4 Nxe4 6. O-O Nf6 7. d3 Nxd5 8.
Bxd5 Be7 9. Nd2 O-O 10. c4 Nc6 11. Bxc6 bxc6 12. Ne4 d5 13. cxd5 cxd5 14. Ng3
Bg5 15. Qe2 Bxc1 16. Raxc1 Qd6 17. Rfd1 Be6 18. b3 f5 19. Nh5 g6 20. Ng3 f4 21.
Nf1 Bd7 22. f3 Rf5 23. Qf2 d4 24. Nd2 Bc6 25. Nc4 Qe7 26. Qe2 Bd5 27. Nb2 Rg5
28. Na4 Rc8 29. Rc2 Qb7 30. Kf1 h5 31. Rxc5 Rxc5 32. Nxc5 Qc6 33. Rc1 h4 34.
Rc2 h3 35. Ne4 {(=)} Bxe4 36. Rxc6 hxg2+ 37. Kg1 Bxc6 38. Qf2 Kf7 39. Qh4 Rh5
40. Qd8 Bxf3 41. Qd7+ Kf6 42. Qxa7 Rf5 43. Qb6+ Kg5 44. a4 Rf6 45. Qc5 Kf5 46.
b4 Rc6 47. Qf8+ Kg4 48. Qc5 Rxc5 49. bxc5 Bc6 50. a5 f3 51. a6 Kh3 0-1

[Event "69. BEM 2015"]
[Site "Dortmund"]
[Date "2015.03.02"]
[Round "1.24"]
[White "Dirks, Rainer"]
[Black "Wilkins, Petra"]
[Result "0-1"]
[WhiteElo "1150"]
[BlackElo "1041"]
[PlyCount "42"]
[EventDate "2015.??.??"]
[WhiteTeam "FS 1898 Dortmund"]
[BlackTeam "SC Hansa Dortmund"]

1. e4 d6 2. Nf3 Nf6 3. d3 g6 4. Nc3 Bg7 5. e5 dxe5 6. Nxe5 O-O 7. d4 Nc6 8.
Nxc6 bxc6 9. h3 Bb7 10. Rg1 Re8 11. g4 e5 12. Be3 exd4 13. Rg3 dxc3 14. Qxd8
Raxd8 15. bxc3 Ne4 16. Rf3 Bxc3+ 17. Ke2 Bxa1 18. h4 Ba6+ 19. Ke1 Bc3+ 20. Bd2
Nxd2+ 21. Re3 Nf3# 0-1

[Event "69. BEM 2015"]
[Site "Dortmund"]
[Date "2015.03.03"]
[Round "2.1"]
[White "Henrichs, Thomas"]
[Black "Horenburg, Oliver"]
[Result "1-0"]
[WhiteElo "2448"]
[BlackElo "1760"]
[PlyCount "73"]
[EventDate "2015.??.??"]
[WhiteTeam "SC Hansa Dortmund"]
[BlackTeam "SV Eichlinghofen"]

1. Nf3 d5 2. c4 c6 3. g3 Nf6 4. Bg2 dxc4 5. Qc2 g6 6. Qxc4 Bg7 7. O-O O-O 8. d3
Nbd7 9. Qc2 Nb6 10. Nbd2 Nfd7 11. Rb1 Nd5 12. a3 Ne5 13. Nxe5 Bxe5 14. Nc4 Bg7
15. Bd2 Be6 16. Na5 Qc8 17. b4 Rd8 18. Rbc1 Qd7 19. Nb3 Rab8 20. Nc5 Qc8 21.
Nxe6 Qxe6 22. e3 Nc7 23. d4 Qd6 24. Rfd1 e5 25. dxe5 Qxe5 26. a4 a6 27. Be1 Ne6
28. Kf1 Bf6 29. Rxd8+ Rxd8 30. Qb3 Qh5 31. h3 Qf5 32. g4 Qd3+ 33. Qxd3 Rxd3 34.
b5 cxb5 35. axb5 axb5 36. Rb1 Bc3 37. Be4 1-0

[Event "69. BEM 2015"]
[Site "Dortmund"]
[Date "2015.03.03"]
[Round "2.2"]
[White "Blokisch, Till"]
[Black "Brockmann, Michael"]
[Result "1-0"]
[WhiteElo "1806"]
[BlackElo "2026"]
[PlyCount "63"]
[EventDate "2015.??.??"]
[WhiteTeam "SF Brackel"]
[BlackTeam "SV Eichlinghofen"]

1. e4 c5 2. c4 Nc6 3. Ne2 g6 4. d4 cxd4 5. Nxd4 Bg7 6. Be3 Nf6 7. Nc3 d6 8. Be2
O-O 9. O-O a6 10. Rc1 Ne8 11. c5 Nxd4 12. Bxd4 e5 13. Be3 Be6 14. cxd6 Qxd6 15.
Nd5 Bxd5 16. Bc5 Qf6 17. Bxf8 Bxf8 18. Qxd5 Nd6 19. f4 exf4 20. e5 Qg5 21. Rc7
Re8 22. Bc4 Rxe5 23. Qd4 Nxc4 24. Qxc4 Bc5+ 25. Kh1 Rf5 26. Rxb7 Be3 27. Rb8+
Kg7 28. Qc3+ Kh6 29. Rf3 Qg4 30. Rb4 Rd5 31. Rh3+ Kg5 32. Rxe3 1-0

[Event "69. BEM 2015"]
[Site "Dortmund"]
[Date "2015.03.03"]
[Round "2.3"]
[White "Ries, Benjamin"]
[Black "Schütz, Ralf"]
[Result "1-0"]
[WhiteElo "2005"]
[BlackElo "1739"]
[PlyCount "63"]
[EventDate "2015.??.??"]
[WhiteTeam "SF Brackel"]
[BlackTeam "61515/FS 1898 Dortmund"]

1. d4 Nf6 2. c4 e6 3. Nc3 Bb4 4. e3 b6 5. Nge2 a5 6. a3 Be7 7. e4 d6 8. Ng3 h5
9. Bd3 h4 10. Nge2 Bb7 11. h3 Nbd7 12. Bc2 e5 13. Be3 exd4 14. Nxd4 Nc5 15. O-O
Ncxe4 16. Nxe4 Nxe4 17. Re1 Kf8 18. Nf5 Bf6 19. Qg4 Ng5 20. Bxg5 Bxg5 21. f4
Bf6 22. Ba4 c6 23. Rad1 b5 24. Rxd6 Qb6+ 25. Kh2 bxa4 26. Rxf6 Rh7 27. Rxf7+
Kxf7 28. Nd6+ Kf8 29. Qf5+ Kg8 30. Qf7+ Kh8 31. Re8+ Rxe8 32. Qxe8# 1-0

[Event "69. BEM 2015"]
[Site "Dortmund"]
[Date "2015.03.03"]
[Round "2.4"]
[White "Cogan, Leonid"]
[Black "Zelt, Jens"]
[Result "0-1"]
[WhiteElo "1710"]
[BlackElo "2004"]
[PlyCount "92"]
[EventDate "2015.??.??"]
[WhiteTeam "SU Huck.-Westerfilde"]
[BlackTeam "SC Hansa Dortmund"]

1. e4 d6 2. Nf3 c6 3. d4 h6 4. h3 Nd7 5. Bc4 Qc7 6. O-O e5 7. c3 Nb6 8. Bb3 Ne7
9. Nbd2 Ng6 10. Nc4 Be7 11. Be3 O-O 12. Nxb6 axb6 13. Ne1 c5 14. Qe2 Bd7 15.
Bd5 Bc6 16. Bxc6 bxc6 17. Nd3 Bf6 18. dxe5 dxe5 19. a3 Rfe8 20. f3 Be7 21. Qf2
Qb7 22. Qg3 Bh4 23. Qg4 c4 24. Nb4 Be7 25. Rfd1 Rad8 26. Qg3 Bc5 27. Qf2 Bxe3
28. Qxe3 Nf4 29. Kh2 c5 30. g3 cxb4 31. gxf4 exf4 32. Qxf4 bxc3 33. bxc3 {(=)}
Qc6 34. Qe3 Qc7+ 35. Kg2 Re6 36. f4 Red6 37. Rd4 Rg6+ 38. Kf3 Ra8 39. Qd2 Qe7
40. Qf2 b5 41. Rd5 Rxa3 42. Rxa3 Qxa3 43. Qd4 Qc1 44. Qd2 Qh1+ 45. Ke3 Qg1+ 46.
Qf2 Rg3+ 0-1